000 00686nam a2200229Ia 4500
003 OSt
005 20220926004456.0
006 a|||||r|||| 00| 0
007 ta
008 220923b |||||||| |||| 00| 0 eng d
037 _cGeneral Book
040 _aRTL
_cRTL
_beng
041 _2eng
_aeng
082 _aV2, 31p.N85r, M5.133-12/GD
110 _aINDIA, RAJYA SABHA.
_9263636
245 0 _aParliamentary Debates
_b Official report.
260 _a New Delhi
_bRajya Sabha Secretariat.
_c1985
300 _aii, 406p.
_ccm.
700 _aINDIA, RAJYA SABHA.
_9263637
942 _hV2, 31p.N85r, M5.133-12/GD
_cGB
_2CC
999 _c611322
_d611322